| 000 | 01163cab a22002655a 4500 | ||
|---|---|---|---|
| 001 | L142846 | ||
| 008 | 080314e20080308xxk f 000 0 eng d | ||
| 035 | _a(Sirsi) u142846 | ||
| 041 | 0 | _aeng | |
| 100 | 1 | _aKokelaar, Sebastian | |
| 245 | 0 | 0 | _aParking restriction |
| 260 | _c2008 | ||
| 490 |
_aEstates Gazette _v(0809) 8 March 2008, 194-195(2) |
||
| 520 | _aConsiders issues surrounding the parking of vehicles in defined areas. Confirms that this can be regarded as an easement. Reviews four essential characteristics of easements, which parking rights must satisfy. Focuses on the need for a dominant tenement. Notes the difficulties inherent in proving these characteristics in respect of parking rights, which complicates such cases. Case law. | ||
| 590 | _aKA | ||
| 650 | 2 | 4 | _aMONCRIEFF AND ANOTHER V JAMIESON AND OTHERS |
| 650 | 2 | 4 | _aBATCHELOR V MARLOW |
| 650 | 2 | 4 | _aLONDON AND BLENHEIM ESTATES V LADBROKE RETAIL PARKS LTD |
| 650 | 2 | 4 | _aCOPELAND V GREENHALF |
| 650 | 2 | 4 | _aLE STRANGE V PETTEFAR |
| 650 | 2 | 4 | _aCENTRAL MIDLANDS ESTATES LTD V LEICESTER DYERS LTD |
| 651 | 4 |
_aUnited Kingdom _y |
|
| 690 |
_aBoundary disputes _96221 |
||
| 942 | _n0 | ||
| 999 |
_c79955 _d79955 |
||